Pages de début (notice n° 1644053)

détails MARC
000 -LEADER
fixed length control field 02534cam a2200181 4500500
005 - DATE AND TIME OF LATEST TRANSACTION
control field 20260208000947.0
041 ## - LANGUAGE CODE
Language code of text/sound track or separate title fre
042 ## - AUTHENTICATION CODE
Authentication code dc
100 10 - MAIN ENTRY--PERSONAL NAME
Personal name Jollivet, Pascal
Relator term author
245 00 - TITLE STATEMENT
Title Pages de début
260 ## - PUBLICATION, DISTRIBUTION, ETC.
Date of publication, distribution, etc. 2026.<br/>
500 ## - GENERAL NOTE
General note 69
520 ## - SUMMARY, ETC.
Summary, etc. Cet article parcourt certaines doctrines en matière d’appréhension des biorisques et des biohackerspaces ainsi que, dans une perspective transdisciplinaire, des évolutions que sont susceptibles d’impulser trois domaines : la philosophie de la biopolitique de Michel Foucault (biopouvoirs, biorisques), l’approche en termes de complexité initiée par Edgar Morin appliquée au vivant (co-engendrement, système autopoïétique « étrange ») et la sociologie de sciences latourienne (innovation socio-technique, STS).Nous esquisserons ensuite la présentation d’une expérience d’instrumentation de cette approche enrichie de la complexité en incertitude, à l’ère du biohacking. L’analyse structurale de réseau textuel s’affirme ainsi comme une approche facilitant bien l’identification de propriétés émergentes d’un système dynamique complexe (au sens de Morin & Le Moigne, 1999) qui se révèle pertinente pour une application à une veille ou une prospective stratégique du biorisque et des biohackerspaces.
520 ## - SUMMARY, ETC.
Summary, etc. This article looks at a number of doctrines for understanding biohazards and biohackerspaces and, from a trans-disciplinary perspective, at the changes that three fields are likely to bring about: Michel Foucault’s philosophy of biopolitics (biopowers, biohazards), Edgar Morin’s approach to complexity as applied to the living (co-engendering, “strange” autopoietic systems) and Latourian sociology of science (socio-technical innovation, STS).We will then outline an experiment in the instrumentation of this enriched approach to complexity in uncertainty, in the era of biohacking. Structural analysis of textual networks is thus confirmed as an approach that facilitates the identification of emergent properties of a complex dynamic system (in the sense of Morin & Le Moigne, 1999), and which is relevant for application to a strategic watch or foresight of biohacking and biohackerspaces.
700 10 - ADDED ENTRY--PERSONAL NAME
Personal name Pasquier, Florent
Relator term author
786 0# - DATA SOURCE ENTRY
Note Le Nouveau Praticien Vétérinaire - Élevage & santé | 17 | 2 | 2026-01-06 | p. 3-4 | 1777-7232
856 41 - ELECTRONIC LOCATION AND ACCESS
Uniform Resource Identifier <a href="https://stm.cairn.info/revue-le-nouveau-praticien-veterinaire-elevage-sante-2025-2-page-3?lang=fr&redirect-ssocas=7080">https://stm.cairn.info/revue-le-nouveau-praticien-veterinaire-elevage-sante-2025-2-page-3?lang=fr&redirect-ssocas=7080</a>

Pas d'exemplaire disponible.

PLUDOC

PLUDOC est la plateforme unique et centralisée de gestion des bibliothèques physiques et numériques de Guinée administré par le CEDUST. Elle est la plus grande base de données de ressources documentaires pour les Étudiants, Enseignants chercheurs et Chercheurs de Guinée.

Adresse

627 919 101/664 919 101

25 boulevard du commerce
Kaloum, Conakry, Guinée

Réseaux sociaux

Powered by Netsen Group @ 2025